00705nam a2200205 a 450000500170000000800410001702000180005805000240007610000290010024500840012926000430021330000360025644000380029250000200033052100090035065000500035965000500040970000220045970000180048120140310183623.0120906s19uu xx 00 eng d a9780230111059 aHD 62.25 b.D4 2011 ade Visscher, Francois M. aFinancing transitions :bmanaging capital and liquidity in the family business. aNew York :bPalgrave Macmillan,c2011. aviii, 113 p. :bill. ; c21 cm. aFamily Business Leadership Series aIncludes index. aBSBA aFamily-owned business enterprisesxManagement aFamily-owned business enterprisesxSuccession aAronoff, Craig E. aWard, John L.